000 00528nam a2200181Ia 4500
999 _c22443
_d22443
003 OSt
005 20200206141424.0
008 190216s9999||||xx |||||||||||||| ||und||
020 _a8172043716
040 _coclc
082 _a297.122
_bMOU/A
100 _aMoulavi, K C Abdulla
_91854
245 0 _aAllahu Qur`Anil /
_cK C Abdulla Moulavi
260 _bIslamic Publishing House,
_c1997.
_aKozhikode:
300 _a373p
650 _aIslamic History
942 _cBK
_2ddc
_h297.122
_iMOU/A
_k297.122
_mMOU/A